El proceso de globalización y contabilidad (Registro nro. 9952)

Detalles MARC
000 -LEADER
fixed length control field 00335 a2200109 4500
001 - CONTROL NUMBER
control field ART_28175
005 - DATE AND TIME OF LATEST TRANSACTION
control field 20260410161604.0
008 - FIXED-LENGTH DATA ELEMENTS--GENERAL INFORMATION
fixed length control field 260409a
100 1# - MAIN ENTRY--PERSONAL NAME
Personal name Lang, Víctor Manuel
245 10 - TITLE STATEMENT
Title El proceso de globalización y contabilidad
773 0# - HOST ITEM ENTRY
Title Profesional & Empresaria
Related parts - Año XVI, Nº 186 (mar. 2015)
Record control number REV70

No hay ítems disponibles.